[Event "4. Regina Helena Marques Prol"]
[Site "Santos BRA"]
[Date "2006.05.03"]
[Round "6.4"]
[White "Sega, Carlos Alberto"]
[Black "Bachmann, Axel"]
[Result "0-1"]
[WhiteElo "2286"]
[BlackElo "2414"]
[PlyCount "132"]
[EventDate "2006.04.29"]
[EventType "tourn"]
[EventRounds "11"]
[EventCountry "BRA"]
[Source "lmi"]
[SourceDate "2006.05.06"]

1. c4 g6 2. Nc3 Bg7 3. g3 d6 4. Bg2 c5 5. e3 Nc6 6. Nge2 Nf6 7. d4 O-O 8. O-O
cxd4 9. exd4 Bg4 10. h3 Bxe2 11. Nxe2 d5 12. cxd5 Nxd5 13. Qb3 Nb6 14. d5 Na5
15. Qb4 Nxd5 16. Qb5 e6 17. Bd2 b6 18. Rad1 Qe8 19. Qxe8 Rfxe8 20. Nf4 Nxf4 21.
Bxf4 Rac8 22. b3 Rc2 23. Rd7 Rxa2 24. Rxa7 Rb2 25. Be3 Nxb3 26. Bxb6 Nd2 27.
Rd1 Nc4 28. Bc6 Rb8 29. Bc7 Rc8 30. Bd7 Rf8 31. Bc6 Be5 32. Rd7 Bxc7 33. Rdxc7
Ne5 34. Bd7 Nf3+ 35. Kg2 Nd4 36. Rc4 Rd2 37. Ba4 Nf5 38. Rcc7 Rb8 39. Rcb7 Rxb7
40. Rxb7 Kg7 41. Rc7 Kf6 42. h4 h6 43. Rc3 g5 44. hxg5+ hxg5 45. Bc2 Ne7 46.
Be4 g4 47. Kf1 Ke5 48. Rc7 Kd6 49. Rc3 Rb2 50. Rc2 Rb4 51. Bd3 f5 52. Bc4 Nc6
53. Rd2+ Ke7 54. Be2 Nd4 55. Bd1 Kf6 56. Kg2 e5 57. Kf1 Kg5 58. Be2 f4 59.
gxf4+ exf4 60. f3 g3 61. Kg2 Nf5 62. Kh3 Rb8 63. Rd5 Rh8+ 64. Kg2 Rh2+ 65. Kf1
Kf6 66. Rd2 Nh4 0-1

[Event "4. Regina Helena Marques Prol"]
[Site "Santos BRA"]
[Date "2006.05.03"]
[Round "6.5"]
[White "Van Riemsdijk, Herman C"]
[Black "Valiente, Cristobal"]
[Result "1-0"]
[WhiteElo "2349"]
[BlackElo "2289"]
[PlyCount "163"]
[EventDate "2006.04.29"]
[EventType "tourn"]
[EventRounds "11"]
[EventCountry "BRA"]
[Source "lmi"]
[SourceDate "2006.05.06"]

1. e4 c6 2. c4 e5 3. Nf3 d6 4. d4 Nd7 5. Nc3 Ngf6 6. Be2 g6 7. O-O Bg7 8. d5
Nc5 9. Qc2 a5 10. Be3 Qe7 11. Rad1 O-O 12. a3 cxd5 13. cxd5 Bd7 14. Bxc5 dxc5
15. Nd2 Ne8 16. Nc4 Nd6 17. Nxd6 Qxd6 18. Bb5 Bg4 19. f3 Bc8 20. Na4 b6 21. Bc6
Rb8 22. Qc4 Rd8 23. Nc3 Bh6 24. Rd3 Qf6 25. a4 Bg5 26. Rfd1 Rd6 27. Nb5 h5 28.
Rb3 Kh7 29. Nxd6 Qxd6 30. Bb5 Kg7 31. Qe2 Bf6 32. Qe3 Be7 33. Rbd3 f5 34. exf5
Bxf5 35. R3d2 Bf6 36. Bd3 Re8 37. Be4 Bd7 38. b3 Rh8 39. g3 Rb8 40. h4 Rc8 41.
Rc2 Be7 42. Kg2 Rf8 43. Re2 Bc8 44. Bd3 Bf6 45. Bb5 Rf7 46. Qe4 Bf5 47. Qc4 e4
48. Rxe4 Bxe4 49. Qxe4 Re7 50. Qc2 Bd4 51. Bd3 Re5 52. Be4 Re7 53. Qc4 Bf6 54.
Qd3 Bd4 55. f4 Qf6 56. Rf1 Rf7 57. Qf3 Qd6 58. g4 hxg4 59. Qxg4 Qd7 60. Qxg6+
Kf8 61. Qe6 Qd8 62. Qh6+ Rg7+ 63. Kf3 Qe8 64. d6 Qf7 65. Rb1 Qd7 66. f5 Qf7 67.
Bd3 Qd5+ 68. Be4 Qe5 69. Qf4 Qf6 70. d7 Rxd7 71. Re1 Be5 72. Qg5 Rh7 73. Rg1
Rxh4 74. Qg8+ Ke7 75. Rg6 Rf4+ 76. Ke3 Rxe4+ 77. Kxe4 Qh4+ 78. Kd5 Qd4+ 79. Kc6
Qd7+ 80. Kxb6 Bc7+ 81. Ka6 Qd3+ 82. Kb7 1-0

[Event "4. Regina Helena Marques Prol"]
[Site "Santos BRA"]
[Date "2006.05.03"]
[Round "6.6"]
[White "Borges, Leomar Barbero"]
[Black "Larrea, Manuel"]
[Result "0-1"]
[WhiteElo "2303"]
[BlackElo "2278"]
[PlyCount "172"]
[EventDate "2006.04.29"]
[EventType "tourn"]
[EventRounds "11"]
[EventCountry "BRA"]
[Source "lmi"]
[SourceDate "2006.05.06"]

1. Nf3 g6 2. d4 Bg7 3. e3 d6 4. Be2 Nd7 5. c4 Ngf6 6. b3 O-O 7. Bb2 e5 8. dxe5
Ng4 9. O-O Ngxe5 10. Nc3 Nxf3+ 11. Bxf3 Ne5 12. Be2 Re8 13. Qd2 Bf5 14. f4 Ng4
15. Bxg4 Bxg4 16. Nd5 c6 17. Bxg7 Kxg7 18. Qd4+ f6 19. Nc3 Qb6 20. Qxb6 axb6
21. Rfe1 Kf7 22. Na4 Ra6 23. h3 Be6 24. Nc3 Ke7 25. e4 Ra5 26. Re2 h5 27. Rae1
Rea8 28. Nd5+ Kf7 29. Nc3 Ra3 30. Re3 R3a5 31. a4 Rd8 32. f5 Bc8 33. fxg6+ Kxg6
34. Rg3+ Rg5 35. Rf3 f5 36. Rd1 f4 37. Kf2 Kf6 38. Rxf4+ Ke5 39. Ne2 Rdg8 40.
Rg1 Bxh3 41. g3 Bg4 42. Nc1 R5g6 43. Ke3 Ke6 44. Nd3 Ke7 45. Kf2 Be6 46. Rh4
Bg4 47. Nf4 Rg5 48. Rgh1 Rh8 49. Ke3 Rh7 50. Nd3 Rf7 51. Nf4 Rh7 52. Nd3 Be6
53. Kf2 b5 54. axb5 cxb5 55. cxb5 Rxb5 56. b4 Rf7+ 57. Ke3 Bg4 58. Nf4 Kd7 59.
Rb1 Re7 60. Kd4 Rxe4+ 61. Kxe4 Bf5+ 62. Kd4 Bxb1 63. Rxh5 Rxb4+ 64. Kc3 Rb6 65.
g4 Rc6+ 66. Kb2 Be4 67. Rg5 Rc2+ 68. Kb3 Rf2 69. Rg7+ Kc6 70. Nh5 Bf3 71. Kc3
b5 72. Nf4 Bd1 73. Ne6 Kd5 74. Nc7+ Kc6 75. Ne6 Rc2+ 76. Kd3 Kb6 77. g5 b4 78.
Nd4 Rc3+ 79. Kd2 Bb3 80. Rd7 Bc4 81. Nc2 Rd3+ 82. Kc1 b3 83. Na3 Be6 84. Rd8
Kc5 85. Rb8 Rg3 86. Kb2 Bd5 0-1

[Event "4. Regina Helena Marques Prol"]
[Site "Santos BRA"]
[Date "2006.05.03"]
[Round "7.1"]
[White "Larrea, Manuel"]
[Black "Choma, Ernani Francisco"]
[Result "1/2-1/2"]
[WhiteElo "2278"]
[BlackElo "2275"]
[PlyCount "96"]
[EventDate "2006.04.29"]
[EventType "tourn"]
[EventRounds "11"]
[EventCountry "BRA"]
[Source "lmi"]
[SourceDate "2006.05.06"]

1. e4 c5 2. Nc3 e6 3. d3 Nc6 4. f4 d5 5. Bd2 a6 6. g3 b5 7. Bg2 b4 8. Nce2 g6
9. Nf3 Bg7 10. Rb1 Nge7 11. O-O O-O 12. Kh1 a5 13. Be3 c4 14. e5 cxd3 15. cxd3
f6 16. d4 Ba6 17. Qd2 Qd7 18. g4 Nc8 19. exf6 Bxf6 20. Ne5 Qb7 21. f5 Nxe5 22.
dxe5 Bxe5 23. fxe6 Ne7 24. Bh6 Rxf1+ 25. Rxf1 Qb6 26. Rf7 Re8 27. Nf4 Bc8 28.
Qe2 Qd6 29. Qf3 Kh8 30. Nd3 Bxe6 31. Nxe5 Qxe5 32. Bg7+ Qxg7 33. Rxg7 Kxg7 34.
Qf4 Rc8 35. h3 h6 36. h4 Rc4 37. Qe5+ Kf7 38. Qe3 Rxg4 39. Bh3 Re4 40. Bxe6+
Kxe6 41. Qxh6 Re1+ 42. Kg2 Re2+ 43. Kf3 Rxb2 44. h5 Rxa2 45. hxg6 Ra3+ 46. Kf4
Rg3 47. g7+ Kf7 48. Qh4 Rg6 1/2-1/2

[Event "4. Regina Helena Marques Prol"]
[Site "Santos BRA"]
[Date "2006.05.03"]
[Round "7.3"]
[White "Bachmann, Axel"]
[Black "Van Riemsdijk, Herman C"]
[Result "1/2-1/2"]
[WhiteElo "2414"]
[BlackElo "2349"]
[PlyCount "76"]
[EventDate "2006.04.29"]
[EventType "tourn"]
[EventRounds "11"]
[EventCountry "BRA"]
[Source "lmi"]
[SourceDate "2006.05.06"]

1. e4 e5 2. Nf3 Nc6 3. Bc4 Nf6 4. d3 Be7 5. c3 O-O 6. Nbd2 d5 7. exd5 Nxd5 8.
O-O Bg4 9. Re1 Nf4 10. Nf1 Na5 11. Bxf4 exf4 12. N1d2 c5 13. Qe2 Nxc4 14. Nxc4
Bf6 15. Qe4 Bxf3 16. Qxf3 Qc7 17. a4 b6 18. Re4 Rad8 19. Rd1 Rfe8 20. h3 g5 21.
Rde1 Qd7 22. a5 Rxe4 23. dxe4 b5 24. e5 Qe6 25. Qe4 bxc4 26. exf6 Re8 27. Qxe6
Rxe6 28. Rd1 h6 29. Rd8+ Kh7 30. Rd7 Ra6 31. Rxf7+ Kg6 32. Rb7 Rxa5 33. f7 Kg7
34. g3 fxg3 35. fxg3 Ra6 36. Rc7 Rb6 37. Rxc5 Rxb2 38. Rxc4 Rb7 1/2-1/2

[Event "4. Regina Helena Marques Prol"]
[Site "Santos BRA"]
[Date "2006.05.03"]
[Round "7.5"]
[White "Maia, Luciano"]
[Black "Cavalcanti, Francisco"]
[Result "1/2-1/2"]
[WhiteElo "2317"]
[BlackElo "2297"]
[PlyCount "66"]
[EventDate "2006.04.29"]
[EventType "tourn"]
[EventRounds "11"]
[EventCountry "BRA"]
[Source "lmi"]
[SourceDate "2006.05.06"]

1. d4 Nf6 2. Nf3 e6 3. c4 d5 4. g3 c6 5. Bg2 Nbd7 6. Nfd2 Be7 7. O-O O-O 8. Nc3
Nb6 9. e3 dxc4 10. Qe2 e5 11. dxe5 Ng4 12. Nxc4 Nxc4 13. Qxc4 Nxe5 14. Qe4 Bf6
15. Rd1 Qc7 16. f4 Nd7 17. Qf3 Bxc3 18. bxc3 Nf6 19. h3 Bf5 20. Ba3 Be4 21. Qe2
Rfe8 22. Bd6 Qb6 23. Be5 Bxg2 24. Rab1 Qc5 25. Kxg2 Nd5 26. Bd4 Qe7 27. Kf2 b5
28. Rd3 f6 29. Rbd1 a6 30. Qf3 Rac8 31. Re1 Qe4 32. Qxe4 Rxe4 33. Kf3 Rce8
1/2-1/2

[Event "4. Regina Helena Marques Prol"]
[Site "Santos BRA"]
[Date "2006.05.03"]
[Round "7.6"]
[White "Rosito, Jorge"]
[Black "Santos, Marcus Vinicius"]
[Result "1/2-1/2"]
[WhiteElo "2425"]
[BlackElo "2369"]
[PlyCount "25"]
[EventDate "2006.04.29"]
[EventType "tourn"]
[EventRounds "11"]
[EventCountry "BRA"]
[Source "lmi"]
[SourceDate "2006.05.06"]

1. e4 e5 2. Nf3 Nc6 3. Bb5 f5 4. d3 fxe4 5. dxe4 Nf6 6. O-O Bc5 7. Qe2 Qe7 8.
Nc3 Nd4 9. Nxd4 Bxd4 10. Nd5 Nxd5 11. exd5 O-O 12. c3 Bb6 13. Be3 1/2-1/2

[Event "4. Regina Helena Marques Prol"]
[Site "Santos BRA"]
[Date "2006.05.04"]
[Round "8.2"]
[White "Cavalcanti, Francisco"]
[Black "Rosito, Jorge"]
[Result "0-1"]
[WhiteElo "2297"]
[BlackElo "2426"]
[PlyCount "60"]
[EventDate "2006.04.29"]
[EventType "tourn"]
[EventRounds "11"]
[EventCountry "BRA"]
[Source "lmi"]
[SourceDate "2006.05.06"]

1. d4 Nf6 2. c4 e6 3. Nf3 c5 4. d5 d6 5. Nc3 exd5 6. cxd5 g6 7. e4 a6 8. a4 Bg4
9. Qb3 Bxf3 10. Qxb7 Nbd7 11. gxf3 Bg7 12. Qc6 Qb8 13. a5 O-O 14. Be2 Rc8 15.
Qa4 c4 16. O-O Nc5 17. Qd1 Nfd7 18. Bxc4 Nxe4 19. fxe4 Rxc4 20. Qe2 Rb4 21. Ra2
Qb7 22. Rd1 Re8 23. Be3 Bxc3 24. bxc3 Rbxe4 25. Rb2 Qc8 26. Rb4 Rxb4 27. cxb4
Ne5 28. Bd4 Qh3 29. Kh1 Re7 30. Qe3 Nf3 0-1

[Event "4. Regina Helena Marques Prol"]
[Site "Santos BRA"]
[Date "2006.05.04"]
[Round "8.2"]
[White "Borges, Leomar Barbero"]
[Black "Bachmann, Axel"]
[Result "0-1"]
[WhiteElo "2303"]
[BlackElo "2414"]
[PlyCount "88"]
[EventDate "2006.04.29"]
[EventType "tourn"]
[EventRounds "11"]
[EventCountry "BRA"]
[Source "lmi"]
[SourceDate "2006.05.06"]

1. Nf3 d5 2. b3 Bf5 3. Bb2 c6 4. g3 Nd7 5. Bg2 Ngf6 6. d3 e6 7. O-O h6 8. Nbd2
Be7 9. Qe1 O-O 10. e4 Bh7 11. Qe2 a5 12. a4 dxe4 13. dxe4 Nc5 14. Rad1 Qc7 15.
e5 Nd5 16. Nc4 Ne4 17. Rd4 Nec3 18. Bxc3 Nxc3 19. Qd2 Bb4 20. Rd7 Ne2+ 21. Qxe2
Qxd7 22. Nb6 Qe7 23. Nxa8 Rxa8 24. Ne1 Rd8 25. Be4 Bxe4 26. Qxe4 Qc5 27. Nf3
Bc3 28. Rc1 b5 29. Qe2 Qb4 30. Rd1 Rf8 31. Qd3 bxa4 32. bxa4 Bb2 33. Qb3 Rb8
34. Rd3 c5 35. Qa2 c4 36. Rd1 Qc3 37. Nd4 Kh7 38. Kg2 Rb4 39. Nc6 Qxc2 40. Nxb4
axb4 41. Qb1 Qxb1 42. Rxb1 c3 43. a5 c2 44. Re1 b3 0-1

[Event "4. Regina Helena Marques Prol"]
[Site "Santos BRA"]
[Date "2006.05.04"]
[Round "8.3"]
[White "Larrea, Manuel"]
[Black "Valiente, Cristobal"]
[Result "0-1"]
[WhiteElo "2278"]
[BlackElo "2289"]
[PlyCount "40"]
[EventDate "2006.04.29"]
[EventType "tourn"]
[EventRounds "11"]
[EventCountry "BRA"]
[Source "lmi"]
[SourceDate "2006.05.06"]

1. e4 e5 2. Nf3 Nc6 3. Bb5 a6 4. Ba4 Nf6 5. O-O d6 6. Qe2 Be7 7. c3 O-O 8. h3
b5 9. Bc2 Be6 10. a4 Rb8 11. axb5 axb5 12. Rd1 d5 13. exd5 Qxd5 14. d4 exd4 15.
Bf4 Qd7 16. Nxd4 Nxd4 17. Rxd4 Qc6 18. Be5 Rfe8 19. Qd3 g6 20. Nd2 Bf5 0-1

[Event "4. Regina Helena Marques Prol"]
[Site "Santos BRA"]
[Date "2006.05.05"]
[Round "9.1"]
[White "Valiente, Cristobal"]
[Black "Choma, Ernani Francisco"]
[Result "1/2-1/2"]
[WhiteElo "2289"]
[BlackElo "2275"]
[PlyCount "22"]
[EventDate "2006.04.29"]
[EventType "tourn"]
[EventRounds "11"]
[EventCountry "BRA"]
[Source "lmi"]
[SourceDate "2006.05.06"]

1. b3 Nf6 2. Bb2 g6 3. g3 Bg7 4. Bg2 O-O 5. Nf3 d5 6. c4 c5 7. cxd5 Qxd5 8. Nc3
Qd6 9. O-O Bd7 10. Rc1 Bc6 11. d4 cxd4 1/2-1/2

[Event "4. Regina Helena Marques Prol"]
[Site "Santos BRA"]
[Date "2006.05.05"]
[Round "9.2"]
[White "Bachmann, Axel"]
[Black "Larrea, Manuel"]
[Result "1-0"]
[WhiteElo "2414"]
[BlackElo "2278"]
[PlyCount "65"]
[EventDate "2006.04.29"]
[EventType "tourn"]
[EventRounds "11"]
[EventCountry "BRA"]
[Source "lmi"]
[SourceDate "2006.05.06"]

1. e4 c5 2. Nf3 d6 3. d4 cxd4 4. Qxd4 Nc6 5. Bb5 Bd7 6. Bxc6 Bxc6 7. Nc3 Nf6 8.
Bg5 e6 9. O-O-O Be7 10. Qd3 Qa5 11. h4 O-O 12. Nd4 Rac8 13. f3 a6 14. Kb1 b5
15. Nce2 Bb7 16. g4 Rc4 17. Ng3 Rfc8 18. Rhg1 b4 19. Nh5 Qd8 20. Qe3 Nd7 21.
Rg2 Nc5 22. Rgd2 f6 23. Bf4 e5 24. Nf5 exf4 25. Qxf4 Ne6 26. Qe3 R8c6 27. Qb3
Bc8 28. Ne3 Rc3 29. bxc3 bxc3 30. Rd4 a5 31. Nd5 Bf8 32. Rc4 Nc5 33. Rxc5 1-0

[Event "4. Regina Helena Marques Prol"]
[Site "Santos BRA"]
[Date "2006.05.05"]
[Round "9.3"]
[White "Stamenkovic, Dragan"]
[Black "Borges, Leomar Barbero"]
[Result "1-0"]
[WhiteElo "2334"]
[BlackElo "2303"]
[PlyCount "55"]
[EventDate "2006.04.29"]
[EventType "tourn"]
[EventRounds "11"]
[EventCountry "BRA"]
[Source "lmi"]
[SourceDate "2006.05.06"]

1. e4 Nf6 2. e5 Nd5 3. d4 d6 4. c4 Nb6 5. exd6 cxd6 6. Nc3 g6 7. Be3 Bg7 8. Rc1
O-O 9. b3 Nc6 10. d5 Ne5 11. Be2 f5 12. f4 Ng4 13. Bxg4 fxg4 14. Nge2 e5 15.
dxe6 Bxe6 16. O-O Qe7 17. Re1 Qf7 18. Ne4 d5 19. Ng5 Qd7 20. Nc3 Bf5 21. Nxd5
h6 22. Bxb6 hxg5 23. Re7 Qc6 24. Bd4 Bxd4+ 25. Qxd4 Rf7 26. fxg5 Qd6 27. Nf6+
Rxf6 28. Qxf6 1-0

[Event "4. Regina Helena Marques Prol"]
[Site "Santos BRA"]
[Date "2006.05.05"]
[Round "9.4"]
[White "Maia, Luciano"]
[Black "Van Riemsdijk, Herman C"]
[Result "1/2-1/2"]
[WhiteElo "2317"]
[BlackElo "2349"]
[PlyCount "23"]
[EventDate "2006.04.29"]
[EventType "tourn"]
[EventRounds "11"]
[EventCountry "BRA"]
[Source "lmi"]
[SourceDate "2006.05.06"]

1. b3 b6 2. Bb2 Bb7 3. c4 c5 4. e3 Nf6 5. Nf3 e6 6. Be2 Be7 7. O-O O-O 8. d4
cxd4 9. Nxd4 d6 10. Bf3 Qc7 11. Bxb7 Qxb7 12. Qf3 1/2-1/2

[Event "4. Regina Helena Marques Prol"]
[Site "Santos BRA"]
[Date "2006.05.05"]
[Round "9.5"]
[White "Rosito, Jorge"]
[Black "Sega, Carlos Alberto"]
[Result "1/2-1/2"]
[WhiteElo "2426"]
[BlackElo "2289"]
[PlyCount "41"]
[EventDate "2006.04.29"]
[EventType "tourn"]
[EventRounds "11"]
[EventCountry "BRA"]
[Source "lmi"]
[SourceDate "2006.05.06"]

1. e4 e5 2. Nf3 Nf6 3. Nxe5 d6 4. Nf3 Nxe4 5. Nc3 Nf6 6. d4 Be7 7. Bd3 O-O 8.
Ne2 c5 9. h3 Nc6 10. c3 Re8 11. O-O d5 12. Bg5 c4 13. Bc2 Ne4 14. Bxe4 dxe4 15.
Bxe7 exf3 16. Bxd8 fxe2 17. Qa4 exf1=Q+ 18. Rxf1 Rxd8 19. Qxc4 Be6 20. Qb5 Rd7
21. Re1 1/2-1/2

[Event "4. Regina Helena Marques Prol"]
[Site "Santos BRA"]
[Date "2006.05.05"]
[Round "9.6"]
[White "Santos, Marcus Vinicius"]
[Black "Cavalcanti, Francisco"]
[Result "1-0"]
[WhiteElo "2369"]
[BlackElo "2297"]
[PlyCount "102"]
[EventDate "2006.04.29"]
[EventType "tourn"]
[EventRounds "11"]
[EventCountry "BRA"]
[Source "lmi"]
[SourceDate "2006.05.06"]

1. d4 d5 2. c4 e6 3. Nc3 Nf6 4. cxd5 exd5 5. Bg5 Be7 6. e3 c6 7. Qc2 O-O 8. Bd3
Nbd7 9. Nge2 Re8 10. O-O Nf8 11. f3 h6 12. Bh4 Ne6 13. Rad1 Nh5 14. Bf2 Bf8 15.
Kh1 Qa5 16. Qd2 Bd7 17. Bb1 b5 18. g4 b4 19. gxh5 bxc3 20. Qc2 Bd6 21. Qh7+ Kf8
22. Bh4 f6 23. Ng3 Bxg3 24. Bxg3 Ke7 25. Be1 Rh8 26. Qg6 Be8 27. Qf5 Bd7 28.
Bxc3 Qb6 29. Qg4 Ng5 30. Qg3 Qb8 31. f4 Ne6 32. e4 Rf8 33. f5 Qxg3 34. hxg3 Nc7
35. Bb4+ Ke8 36. Bxf8 Kxf8 37. e5 Be8 38. g4 Rb8 39. Rd2 Rb4 40. a3 Rb3 41. Kg2
Re3 42. e6 Rb3 43. Rf3 Rb8 44. Ba2 Ke7 45. Rb3 Rb6 46. Kf3 Kd6 47. Ke3 Nb5 48.
a4 Nc7 49. Rxb6 axb6 50. b4 b5 51. axb5 Nxb5 1-0